| 000 | 00606nam a2200217Ia 4500 | ||
|---|---|---|---|
| 005 | 20260429111925.0 | ||
| 008 | 260429s9999||||xx |||||||||||||| ||und|| | ||
| 020 | _a9788119808878 | ||
| 041 | _aEnglish | ||
| 082 |
_a954 _bLAM |
||
| 100 | _aLama, G. K. | ||
| 245 | 0 |
_aArchaeological investigations in the Ganga plain (2005-17) / _cG. K. Lama |
|
| 250 | _a1st ed. | ||
| 260 |
_aNew Delhi : _bB.R. Publishing Corporation, _c2025. |
||
| 300 | _axxiii, 360 p.; hb | ||
| 650 | _a Excavation reports | ||
| 650 | _a Ganga plain | ||
| 650 | _a Indian archaeology | ||
| 650 | _aArchaeology | ||
| 942 | _cTB | ||
| 999 |
_c51454 _d51454 |
||